ბათუმის შოთა რუსთაველის სახელმწიფო უნივერსიტეტის ბიბლიოთეკა

Tourism and Hospitality Marketing : (ბიბ.ჩანაწერი № 35504)

000 -LEADER
fixed length control field 00684nam a2200217Ia 4500
001 - CONTROL NUMBER
control field 1365
003 - CONTROL NUMBER IDENTIFIER
control field GE_BSU
005 - DATE AND TIME OF LATEST TRANSACTION
control field 20211105134646.0
008 - FIXED-LENGTH DATA ELEMENTS--GENERAL INFORMATION
fixed length control field 181216s2008||||enk|||||||||||||| ||eng||
020 ## - INTERNATIONAL STANDARD BOOK NUMBER
International Standard Book Number 9781412946872
041 ## - LANGUAGE CODE
Language code of text/sound track or separate title eng
080 ## - UNIVERSAL DECIMAL CLASSIFICATION NUMBER
Universal Decimal Classification number 338.48 H-88
100 ## - MAIN ENTRY--PERSONAL NAME
Personal name Hudson Simon.
9 (RLIN) 12846
245 ## - TITLE STATEMENT
Title Tourism and Hospitality Marketing :
Remainder of title A Global perspective /
Statement of responsibility, etc. Simon Hudson.
264 ## - PRODUCTION, PUBLICATION, DISTRIBUTION, MANUFACTURE, AND COPYRIGHT NOTICE
Place of production, publication, distribution, manufacture Los Angeles,
Date of production, publication, distribution, manufacture, or copyright notice 2008.
300 ## - PHYSICAL DESCRIPTION
Extent 467p.
653 ## - INDEX TERM--UNCONTROLLED
keyword ტურიზმი
653 ## - INDEX TERM--UNCONTROLLED
keyword მარკეტინგი
653 ## - INDEX TERM--UNCONTROLLED
keyword ტურიზმისა და სტუმართმოყვარეობის მარკეტინგი
942 ## - ADDED ENTRY ELEMENTS (KOHA)
Koha item type წიგნი
Source of classification or shelving scheme
ეგზემპლარები
Withdrawn status Lost status Source of classification or shelving scheme Damaged status Not for loan Permanent Location Current Location Shelving location Date acquired Cost, normal purchase price Full call number Barcode Date last seen Copy number Price effective from Koha item type Public note
          ბათუმის შოთა რუსთაველის სახელმწიფო უნივერსიტეტის მთავარი ბიბლიოთეკა ბათუმის შოთა რუსთაველის სახელმწიფო უნივერსიტეტის მთავარი ბიბლიოთეკა წიგნსაცავი 2018-12-17 20.00 338.48 H-88 1033 2018-12-17 1033 2018-12-17 წიგნი 20 ლ.